01337 2200205 4500001002100000005001500021035002000036008004100056245003900097100001700136250000600153260003800159300001200197084001400209082000800223650001000231520086600241990001201107990001201119INLIS00000000000082920240611115343 a0010-0524000064240611 1 ind 1 aDua Pangeran Gombal /cQueen Nakey aNakey, Queen a1 aYogyakarta :bSheila/ Andi,c2015 a152 hlm a813 QUE d a813 4aFiksi aCerita manusia yang terlahir kembar memang sudah bukan menjadi hal yang aneh, misal karakter tokohnya selalu seorang baik, sedangkan saudaranya memiliki perangai yang buruk. Namun, di novel Dua Pangeran Gombal ini penulis menyajikan hal yang berbeda. Rean dan Dean, adalah dua saudara kembar yang memiliki banyak kesamaan, baik wajah, maupun sifat. Keduanya sama-sama pintar menggombal. Hanya ada satu perbedaan di antara mereka. Yuk temukan perbedaan itu dalam novel ini. Apakah cinta juga akan menunjukkan jalannya? Dengan sebuah ketulusan, apakah Rean dan Dean akan menemukan kesejatian cintanya masing-masing? *** Selalu...setiap kepahitan yang kita lewati dengan ikhlas pasti berbuah manis. Menjadi sebuah kebahagiaan yang tak terduga. Menjadi cambukan agar kita tidak melakukan kesalahan di masa depan. Menjadi motivasi agar menjadi sosok yang lebih baik. a0741258 a0741259